[Event "Keres Memorial"]
[Site "Tallinn/Parnu"]
[Date "1998.06.19"]
[Round "1"]
[White "Lautier, Joel"]
[Black "Short, Nigel D"]
[Result "0-1"]
[WhiteElo "2645"]
[BlackElo "2660"]
[Annotator "Short,N"]
[PlyCount "80"]
[EventDate "1998.06.19"]
[EventType "tourn"]
[EventRounds "9"]
[EventCountry "EST"]
[EventCategory "15"]
[SourceTitle "CBM 066"]
[Source "ChessBase"]
[SourceDate "1998.09.30"]
[SourceVersion "1"]
[SourceVersionDate "1998.09.30"]
[SourceQuality "1"]

{I have to make a shameful confession . I once made the mistake of addressing
Joel by his widely used nickname. I apologise here and now for my rudeness.
The Gods on Mount Olympus were clearly displeased and I was punished severely
in our next game . That was only fair enough, I suppose. This was a tough game
for me as I had been practically unemployed for several months, not having
pushed pawns since the Goodricke tournament in Calcutta . I wish I could claim
that I had used the time productively to repair and reinvigourate my battered
opening repertoire but I had not. Apathy and sloth had characterised my mood
at the time and by now there were barnacles on my play, or so it seemed.} 1. d4
{Lautier} e6 2. c4 Nf6 3. Nc3 Bb4 4. e3 c5 5. Nge2 cxd4 6. exd4 a6 {I guess
that this will not win the "novelty of the millenium" award. It had, though,
the advantage of forcing my opponent to think for himself.} 7. a3 Be7 8. g3 $1
(8. d5 exd5 9. cxd5 Bc5 {was the idea.}) 8... O-O 9. Bg2 d6 10. O-O Nbd7 11.
Nf4 $6 {Looks completely unnatural to me. Better was} (11. h3 {intending Be3
with a pleasant edge for White. Of course, Black would not be compelled to
resign after these moves.}) 11... Rb8 12. a4 b6 13. Re1 Bb7 14. d5 e5 {And
here the main drawback of Nf4 is seen.} 15. Nd3 Qc7 16. b3 Rbe8 17. Bd2 Bd8 {
The position has more in common with the Najdorf than the Nimzo. Black has a
very satisfactory game.} 18. Qb1 $1 {Covering some impotant squares like d3
and e4.} Nb8 $2 (18... Kh8 {was a much better waiting move, preparing Ng8 and
f5 should White not undertake any action.}) 19. a5 Qc8 20. axb6 Bxb6 21. Be3
Bxe3 22. Rxe3 (22. fxe3 h5 $1 {initiates counterplay.}) 22... Nbd7 {Ok, Ok, I
made a mistake.} 23. Nb4 Ng4 24. Re2 f5 25. Rea2 e4 (25... Nc5 26. h3 {was a
bit annoying. By now I was drifting into time-trouble and ,quite frankly, I
couldn't be bothered defending the a-pawn.}) 26. h3 (26. Nxa6 $2 Bxa6 27. Rxa6
Qc5 {was too risky.}) 26... Nge5 27. Nxa6 Nf3+ 28. Kh1 Nde5 $2 (28... Bxa6 29.
Rxa6 Qc5 {offered good compensation.}) 29. Nb5 Rf6 30. Nac7 {This one came as
a surprise to me. It suddenly dawned on me that I was absolutely busted.
Shaken, for a minute or two I was considering Re7} Rd8 (30... Re7 {until I
noticed} 31. Ra8) 31. Ne6 (31. Ra7 {was even better.}) (31. Ra7 $1 {Lautier /
\Nc7-e6} f4 (31... Ng4 32. Bxf3 Nxf2+ (32... exf3 33. hxg4 Rh6+ 34. Kg1 fxg4
35. Ne6 $18) 33. Kg2 f4 34. g4 $18) (31... Rh6 32. Ne6 Rd7 33. R1a2 {/\ 34.Qa1,
35.Ra8} Qe8 34. Rxb7 Rxb7 35. Nxd6 Qb8 (35... Qh5 36. Ra8+ $18) 36. Nxb7 Qxb7
37. Qa1 $18) 32. Ne6 Rxe6 33. dxe6 $18) 31... Rxe6 32. dxe6 Qxe6 33. Ra7 Bc6
34. Qb2 (34. Rc7 $1 {Lautier /\Raa7} Ng4 (34... Bxb5 35. cxb5 Nd3 36. Bxf3 (36.
Qf1 f4 37. Raa7 $18) 36... Nxf2+ 37. Kh2 (37. Kg2 exf3+ $132) 37... exf3 38.
Qb2 (38. Raa7 $2 Ng4+ 39. Kh1 Nf2+ $11) 38... Qe5 39. Qxe5 dxe5 40. Raa7 $18) (
34... Nd3 35. Bxf3 Nxf2+ 36. Kh2 exf3 37. Qb2 $18) 35. Qb2 $18) 34... e3 $1 {
/\ Ne5-d3 Trying to confuse matters. I imagine Joel thought that I had
collapsed completely because with only a brief hesitation he replied} 35. fxe3
$2 {but after} (35. Nd4 {Lautier} Nxd4 36. Qxd4 f4 37. Bxc6 $6 (37. Qd5 $1 Bxd5
38. Bxd5 Qxd5+ 39. cxd5 e2 (39... exf2 40. gxf4 Nd3 41. Kg2 $18) 40. gxf4 Nd3
41. Re7 e1=Q+ 42. Raxe1 Nxe1 43. Rxe1 Rb8 44. Re3 Rb5 45. Rd3 Rb4 46. Kg2 Rxf4
47. Kf1 $16) 37... Qxh3+ 38. Kg1 f3 (38... exf2+ 39. Qxf2 Nxc6 40. Rc7 $18) 39.
Rxg7+ Kxg7 (39... Kf8 40. Qf4+ Kxg7 41. Ra7+ $18) (39... Kh8 40. Rxh7+ Qxh7 41.
Bxf3 $16) 40. Bxf3 Qf5 $132) (35. Rc7 $1 {Lautier} exf2 36. Rxc6 (36. Qxf2 Nd3
37. Qa7 $2 (37. Qf1 $1 Qe3 38. Ra2 Be4 39. Re2 $18) 37... Qe5 38. Rd1 (38. Rxc6
Qxa1+ 39. Qxa1 Nf2#) 38... Ra8 $132) 36... Nxc6 37. Bxf3 (37. Qxf2 Qf6 38. Ra6
$16) 37... Qe1+ 38. Kh2 f1=Q 39. Bd5+ (39. Rxe1 Qxf3) 39... Kh8 40. Rxe1 Qxe1
41. Bxc6 $16) 35... Qg6 $1 {he realised that life was becoming very difficult.}
36. g4 $6 (36. Bxf3 Nxf3 37. Rc7 {was a better option.}) (36. Qf2 {Lautier} Nd3
$19) (36. Nd4 {Lautier} Qxg3 37. Bxf3 (37. Rxg7+ Qxg7 38. Nxc6 Qg3 39. Bxf3 (
39. Ne7+ Kf7 $19) 39... Qxf3+ 40. Qg2+ Qxg2+ 41. Kxg2 Nxc6 $19) 37... Nxf3 38.
Rxg7+ (38. Nxc6 Qxh3+) 38... Qxg7 $19) 36... fxg4 37. Nd4 Be4 (37... gxh3 $2 {
Lautier} 38. Bxf3 $16) 38. Rf1 (38. Bxf3 {Lautier} gxf3 $1 (38... Nxf3 $2 39.
Nxf3 Bxf3+ 40. Kg1 gxh3+ 41. Kh2 $16) 39. Kh2 (39. Qf2 Nd3 40. Qf1 Qg3 $19)
39... Nd3 40. Qd2 f2 $19) 38... Rf8 (38... Nh4 39. Bxe4 Qxe4+ 40. Kh2 Qxe3 41.
hxg4 Nxg4+ 42. Kh1 Ne5 $1 {appears to be very promising for Black according to
Fritz, but then I would not have won so quickly.} (42... Qh3+ {Lautier} 43. Kg1
$11)) 39. Qf2 $2 {It is very difficult to suggest a move, especially when time
is running out but this loses immediately.} (39. Bxf3 {Lautier} gxf3 $19) (39.
Qe2 {Lautier} Bd3 40. Qd1 Bxf1 41. Bxf1 (41. Qxf1 Nxd4 42. Bd5+ Ne6 $19) 41...
Qe4 42. Bg2 gxh3 43. Bxf3 Nxf3 44. Nxf3 Rxf3 45. Qd5+ Qxd5 46. cxd5 Rxe3 $19) (
39. h4 {Lautier} Nd3 (39... Qh6 40. Qf2 Bd3 $17) 40. Qa1 Qh6 $17) 39... gxh3
40. Bxf3 Nxf3 {mate follows on g2.} 0-1

[Event "Gibraltar Masters 16th"]
[Site "Caleta"]
[Date "2018.01.28"]
[Round "6"]
[White "Sandipan, Chanda"]
[Black "Ivanchuk, Vassily"]
[Result "1-0"]
[WhiteElo "2579"]
[BlackElo "2726"]
[Annotator "Shyam Sundar"]
[PlyCount "45"]
[EventDate "2018.01.23"]
[EventType "swiss"]
[EventRounds "10"]
[EventCountry "GGB"]
[SourceTitle "CBM 183"]
[Source "ChessBase"]
[SourceDate "2018.03.14"]
[SourceVersion "1"]
[SourceVersionDate "2018.03.14"]
[SourceQuality "1"]

1. d4 Nf6 2. c4 e6 3. Nc3 Bb4 4. e3 c5 5. Nge2 {The variation is named after
Akiba Rubinstein as he successfully played it for the first time in the 1930
Olympiad against Maroczy. (See note to 7th move.) Later Botvinnik also applied
Nge2 successfully in his games. The main idea is to maintain the pawn
structure after Black captures on c3 as in this case White can capture back
with the knight.} (5. Bd3 O-O 6. Nf3 d5 7. O-O Nc6 8. a3 Bxc3 9. bxc3 dxc4 10.
Bxc4 Qc7 {is the main line.}) 5... cxd4 (5... b6 {is another alternative which
can lead to interesting positions, for example} 6. a3 Ba5 7. Rb1 Na6 8. g3 (8.
Bd2 {is main line}) 8... Bb7 9. d5 b5 10. Bg2 bxc4 11. O-O O-O 12. e4 $13) (
5... d5 {is not same as the main line, as} 6. a3 Bxc3+ 7. Nxc3 {this is the
difference.} cxd4 8. exd4 dxc4 9. Bxc4 Nc6 10. Be3 $11 {[%csl Gc4,Ge3]}) 6.
exd4 d5 {This line is not supposed to be the best one for Black, but when
Ivanchuk plays it, who are we to judge?} 7. c5 (7. a3 {is another main
alternative, which was played by great Akiba Rubinstein.} Be7 8. c5 (8. Nf4
dxc4 9. Bxc4 O-O 10. O-O Nc6 11. Be3 Bd6 12. Nh5 Nd5 13. Bd3 Nxe3 14. fxe3 f5
15. Ng3 Kh8 16. Bc2 Qh4 17. Qf3 Bd7 18. Nce2 Rae8 19. Rad1 Na5 20. Bd3 Ba4 21.
Rde1 Bd7 22. Rc1 Nc6 23. Bb1 e5 24. Nxf5 Bxf5 25. Bxf5 exd4 26. Qh3 Qxh3 27.
Bxh3 Rxe3 28. Rxf8+ Bxf8 29. Nf4 Bd6 30. Nd5 Rb3 31. Bc8 d3 32. Rd1 Ne5 33. Nf4
g5 34. Ne6 h6 35. h4 gxh4 36. Nf4 Bc5+ 37. Kh2 Be3 {0-1 (37) Rapport,R (2545)
-Ivanchuk,V (2768) Eretria 2011}) 8... b6 9. b4 bxc5 10. dxc5 e5 11. f4 d4 12.
fxe5 dxc3 13. Qxd8+ Kxd8 14. exf6 Bxf6 15. Be3 Nc6 16. O-O-O+ Kc7 17. Bf4+ Kb7
18. g3 Bf5 19. Bg2 Rae8 20. b5 Rxe2 21. Bxc6+ Kc8 22. Rd5 Be6 23. b6 axb6 24.
cxb6 Rb2 25. Ra5 {1-0 (25) Rubinstein,A-Maroczy,G Hamburg 1930}) 7... Ne4 8.
Bd2 Nxd2 9. Qxd2 a5 10. a3 Bxc3 11. Nxc3 {[%csl Gc8] I think White has a very
nice position. His development is easier and Black has to struggle for the
activation of his c8-bishop.} a4 $5 (11... b6 $5 12. Bb5+ {Developing with a
check is considered as a good choice as it gives you an important extra tempo.}
({The simple} 12. Rc1 $14 {is also good.}) 12... Bd7 13. O-O bxc5 14. dxc5 a4
15. Bxd7+ Qxd7 16. f4 d4 17. Ne4 O-O 18. f5 f6 19. fxe6 Qxe6 20. Qxd4 Nc6 21.
Qd3 Rab8 22. Rae1 Ne5 23. Qd4 Qb3 24. Nd6 h6 25. Rf2 Ra8 26. Re3 Qe6 27. h3
Rfd8 28. Rc2 Ra7 29. Qe4 Kh8 30. Kh2 Rc7 31. Rec3 {1-0 (55) Navara,D (2737)
-Tomashevsky,E (2724) Germany 2017}) 12. Nxa4 $5 {[%cal Gc3a4] Concrete play
with very deep strategic ideas} (12. Bd3 {I was curious to know how play would
develop if White plays simple and logical chess and this was the move that
came to my mind when watching this game live} b6 $1 {After analysing the other
moves, now it's evident that Black cannot just castle or devolop his pieces
without a proper plan and so he has to clarify the pawn structure on the
queenside first.} (12... O-O $6 {Here Black's main problem is his queenside
and he should take care of his queenside first before castling} 13. Bc2 {
[%csl Ra4]} Bd7 14. Qd3 $1 f5 (14... Qh4 {doesnt look human as White now has
Re1-e3 with a tempo}) (14... g6 15. h4 $40) 15. O-O {White's position is sound
and it's obvious to castle on the same side and try to exploit the weak
squares.} (15. O-O-O $5 {This is my engine's suggestion. Probably the
intention is not only to attack on the kingside but also defend the b2-pawn in
a queenless ending. But it doesn't make much sense to me as White's position
is strategically sound and it is not necessary to take the game to a double
edged position with opposite side castling.}) 15... b6 {more or less forced} (
15... Na6 {Black just cannot sit and watch as he has many weak squares in his
camp} 16. Rfe1 Nc7 17. Re3 $16 {[%cal Ga1e1]}) 16. Rfe1 (16. cxb6 Qxb6 $132 {
Black has consistent pressure on the b-pawn}) 16... bxc5 17. dxc5 {[%csl Ra4]
Now the pawn structure has changed and White is still on top as he can play on
both the wings and Black is still underdeveloped}) (12... Bd7 13. O-O (13. Bc2
b6 $1) 13... O-O (13... Nc6 {[%cal Rc6a5]} 14. Bc2 Na5 15. Nxa4 $16 {White is
a pawn up for no compensation}) (13... b6 14. f4 $1 {[%cal Rf4f5] A typical
move in this pawn structure with a strong bishop on the b1-h7 diagonal and a
knight on c3 as White now plays f5 and threatens to play f6 and if Black takes
on f5, then d5 becomes a serious weakness}) 14. f4 $1 {Black has practical
problems to solve and White has easy play}) 13. Nxa4 $1 {Now my computer
suggests to go to rook+pawn vs 2 pieces under much more favourable
circumstances} (13. cxb6 Qxb6 $11) (13. O-O bxc5 14. dxc5 Qa5 $1 {with a
complex middlegame and chances for both sides}) 13... Rxa4 14. Bb5+ Bd7 15.
Bxa4 Bxa4 16. Qb4 {[%cal Rc5b6] this is the point as now both the pawn and
bishop are under attack} b5 {[%csl Ra4]} 17. b3 Nc6 18. Qc3 Bxb3 19. Qxb3 Qa5+
20. Kf1 Nxd4 {with a very complex position and I think its much easier for
White to play in a practical game.}) 12... Rxa4 13. Bb5+ Bd7 14. Bxa4 Bxa4 15.
Qb4 {[%cal Gd2b4] Though the engine claims that Black is better here, I think
the position is double edged in a practical game as White's queenside pawns
would become dangerous.} Qd7 16. O-O {Having many difficult decisions to make,
Ivanchuk commits a serious error by playing...} Qb5 $2 {[%cal Gd7b5] ...
probably played on general grounds as he wanted to keep the king in the centre
in the ensuing endgame. Unfortunately for him it fails due to tactical reasons.
} (16... O-O {[%cal Ge8g8] Black has 2 ways to play: 1. Stop White from
pushing his queenside pawns by placing the pieces on optimal squares 2.
Black's minor pieces are cramped and he doesn't have an outpost and so he must
look for an opportunity to create imbalance in the position} 17. b3 {White's
play is simple and straightforward and now Black again has to 2 choices for
placing his bishop:} (17. Qd2 e5 $1 18. dxe5 d4 $19 {[%cal Ra4d1]}) (17. f4 {
with the intention of now allowing Black to play ...e5. But now the e4-square
is weakened and Black can transfer any of his minor pieces to the e4-square
with decisive effects}) 17... Bb5 (17... Bc6 18. a4 Na6 19. Qa3 Nc7 20. Rfe1
Ra8 21. Qb2 {All of Black's pieces are placed in such way that they prevent
the pawn mass on the queenside whereas White can strengthen his position
slowly and Black has to come up with some plans}) 18. Rfe1 {Now Black has to
make decision regarding his piece placements} (18. Rfd1 e5 $1) 18... e5 $3 {
Creating pawn tension in the centre, thanks to the small tactics and now
Black's minor pieces can be utilised to the fullest as now he has outposts on
the c6- and e6-squares.} (18... Ba6 {[%cal Gb8c6] I was curious to know what
would happen if Black just devolops his pieces and places them on optimal
squares without creating any pawn tension} 19. Qd2 Nc6 20. a4 {[%cal Gb3b4]}
Ne7 21. b4 Bc4 $1 {I think this is the move that Black should foresee when
placing his bishop on the a6-f1 diagonal} 22. b5 {The engine still claims that
Black is better here. However in a practical game Black has to make several
decisions regarding his piece placements and constantly worry about the pawn
mass on the queenside whereas White on the other hand has easy play on the
queenside and no weakness for Black to play for.}) 19. dxe5 (19. Rxe5 Nc6 {
[%cal Rc6e5]}) 19... Na6 20. Qd4 Nc7 {[%cal Gc7e6,Gb5c6,Gd5d4] Black is
clearly better.}) 17. b3 $1 {Sandipan never misses such opportunities!} Qxb4
18. axb4 Bb5 (18... Bxb3 19. b5 Bc4 20. Rfb1 $18 {[%cal Ga1a7]}) 19. Ra7 Bxf1
20. Rxb7 $1 (20. Kxf1 b5 $3 21. Rb7 (21. cxb6 Rf8 $1 $19 {[%cal Gb8d7,Ge8e7]})
21... O-O 22. Rxb5 Nc6 $17) 20... Nc6 21. Kxf1 {Black now has to make series
of only moves to hold the game} O-O $4 {The losing blunder.} (21... Rf8 $1 {
The only move as he keeps the king in the centre and close to opponent's
passed pawns and now Black threatens to take on d4} 22. b5 Nxd4 23. b4 {
[%cal Rb5b6]} Kd8 $8 24. Rb8+ (24. b6 $2 Kc8 25. c6 Nxc6 26. Rc7+ Kb8 27. Rxc6
Kb7 {Now White has to be precise to draw the game!}) 24... Ke7 25. Rxf8 Kxf8
26. b6 Ke8 27. b7 Nc6 28. b5 Nb8 29. c6 Kd8 30. f4 $11 {[%csl Gb5,Gb7,Rb8,Gc6]
A study like position and neither side can make progress.}) 22. b5 Na5 23. Rc7
{[%cal Gb5b6] Though objectively 12.Na4 wasn't correct, practically it had a
great impact as Black had to make many critical decisions and Black's timely ..
.e5, thanks to all tactical motifs was the only way to create complications
that ended in Black's favour! This game is a good example that one must be
always tactically alert throughout the game and sometimes the engine's
objective assessment cannot always help in a practical game!} 1-0